[Event "COL-ch sf"]
[Site "Pereira"]
[Date "2024.03.30"]
[Round "8"]
[White "Gomez Morales, Juan Sebastian"]
[Black "Torres, Jorge Emilio"]
[Result "0-1"]
[WhiteElo "1863"]
[BlackElo "2005"]
[PlyCount "48"]
[EventDate "2024.03.26"]
[EventType "swiss"]
[EventRounds "11"]
[EventCountry "COL"]
[SourceTitle "CB14_2024"]
[SourceDate "2024.04.01"]
[SourceVersion "1"]
[SourceVersionDate "2024.04.01"]
[SourceQuality "1"]

1. d4 Nf6 2. c4 g6 3. Nc3 Bg7 4. Nf3 c5 5. d5 d6 6. e4 0-0 7. Be2 a6 8. 0-0 Bg4 9. Ne1 Bd7 10. Qc2 Ne8 11. Be3 Nc7 12. Rb1 b5 13. b4 cxb4 14. Rxb4 a5 15. Rb1 b4 16. Nb5 Nba6 17. Bb6 Qb8 18. Bxa5 Nxb5 19. cxb5 Bxb5 20. Bxb5 Qxb5 21. Bxb4 Nxb4 22. Qd2 Rfb8 23. a3 Rxa3 24. Nc2 Bc3 0-1

[Event "COL-ch sf"]
[Site "Pereira"]
[Date "2024.03.30"]
[Round "9"]
[White "Palomino Escobar, Daniel Fernando"]
[Black "Gomez Morales, Juan Sebastian"]
[Result "1-0"]
[WhiteElo "1941"]
[BlackElo "1863"]
[PlyCount "121"]
[EventDate "2024.03.26"]
[EventType "swiss"]
[EventRounds "11"]
[EventCountry "COL"]
[SourceTitle "CB14_2024"]
[SourceDate "2024.04.01"]
[SourceVersion "1"]
[SourceVersionDate "2024.04.01"]
[SourceQuality "1"]

1. e4 c5 2. Nc3 a6 3. g3 Nc6 4. Bg2 d6 5. d3 Nf6 6. h3 g6 7. f4 Bg7 8. Nf3 e5 9. g4 exf4 10. Bxf4 h6 11. g5 hxg5 12. Bxg5 Be6 13. d4 cxd4 14. Nxd4 Nxd4 15. Qxd4 Nh5 16. Qd2 Bf6 17. Bxf6 Qxf6 18. 0-0-0 Qf4 19. Kb1 Qxd2 20. Rxd2 Nf4 21. Nd5 Bxd5 22. exd5 Nxg2 23. Rxg2 Kd7 24. Rf1 Rh7 25. b4 Re8 26. Rg5 Re4 27. a3 Re3 28. Kb2 Rexh3 29. c4 b6 30. Re1 Rf3 31. Rg2 Rfh3 32. Ree2 R7h4 33. Rgf2 f5 34. Rg2 Rg4 35. Rxg4 fxg4 36. Re4 Rh4 37. Kc2 g5 38. Kd3 g3 39. Re1 g2 40. Rg1 Rg4 41. Ke3 b5 42. c5 dxc5 43. bxc5 a5 44. Kf3 Ra4 45. Rxg2 Rxa3+ 46. Ke4 g4 47. Ke5 Re3+ 48. Kd4 Ra3 49. Rh2 Rh3 50. Re2 Rh6 51. Rc2 Rg6 52. c6+ Kc7 53. Kc5 g3 54. Rg2 b4 55. d6+ Rxd6 56. Rxg3 Rh6 57. Rg7+ Kd8 58. Kb6 b3 59. Kb7 Rxc6 60. Kxc6 b2 61. Rb7 1-0

[Event "COL-ch sf"]
[Site "Pereira"]
[Date "2024.03.29"]
[Round "6"]
[White "Gomez Morales, Juan Sebastian"]
[Black "Zapata Sanchez, Carlos Mario"]
[Result "1-0"]
[WhiteElo "1863"]
[BlackElo "1707"]
[PlyCount "45"]
[EventDate "2024.03.26"]
[EventType "swiss"]
[EventRounds "11"]
[EventCountry "COL"]
[SourceTitle "CB14_2024"]
[SourceDate "2024.04.01"]
[SourceVersion "1"]
[SourceVersionDate "2024.04.01"]
[SourceQuality "1"]

1. d4 Nf6 2. c4 e6 3. Nc3 d5 4. Nf3 a6 5. cxd5 exd5 6. Bg5 Be7 7. e3 Bf5 8. Bxf6 Bxf6 9. Qb3 b5 10. Nxd5 Be4 11. Nxf6+ Qxf6 12. Be2 0-0 13. 0-0 Qg6 14. Qc3 c6 15. Qc5 f5 16. Qe7 Qg4 17. Qe6+ Kh8 18. h3 Qh5 19. Rfe1 Bd5 20. Ne5 Qxe2 21. Qe7 Qxe1+ 22. Rxe1 Kg8 23. Qb7 1-0

[Event "COL-ch sf"]
[Site "Pereira"]
[Date "2024.03.27"]
[Round "4"]
[White "Gomez Morales, Juan Sebastian"]
[Black "Triana Castro, Francisco Javier"]
[Result "1-0"]
[WhiteElo "1863"]
[BlackElo "1759"]
[PlyCount "49"]
[EventDate "2024.03.26"]
[EventType "swiss"]
[EventRounds "11"]
[EventCountry "COL"]
[SourceTitle "CB14_2024"]
[SourceDate "2024.04.01"]
[SourceVersion "1"]
[SourceVersionDate "2024.04.01"]
[SourceQuality "1"]

1. d4 g6 2. c4 Bh6 3. Bxh6 Nxh6 4. e4 d6 5. Be2 Nc6 6. Nc3 e5 7. Nf3 Bg4 8. d5 Bxf3 9. dxc6 Bxe2 10. Qxe2 bxc6 11. 0-0 0-0 12. c5 f5 13. cxd6 cxd6 14. Qc4+ Kg7 15. Qxc6 fxe4 16. Rad1 Nf5 17. Nxe4 Qb8 18. Nxd6 Nxd6 19. Rxd6 Qxb2 20. Rd7+ Kh6 21. Qc7 Rh8 22. Qc4 g5 23. Qe6+ Kh5 24. Qf7+ Kh4 25. g3+ 1-0

[Event "Manizales Americas op"]
[Site "Manizales"]
[Date "2022.10.17"]
[Round "8"]
[White "Badillo, Julio Cesar"]
[Black "Gomez Morales, Juan Sebastian"]
[Result "0-1"]
[WhiteElo "1924"]
[BlackElo "1732"]
[PlyCount "74"]
[EventDate "2022.10.14"]
[EventType "swiss"]
[EventRounds "8"]
[EventCountry "COL"]
[SourceTitle "CBM 210 Extra"]
[Source "ChessBase"]
[SourceDate "2022.11.30"]
[SourceVersion "1"]
[SourceVersionDate "2022.11.30"]
[SourceQuality "1"]

1. d4 Nf6 2. Bg5 Ne4 3. Bf4 e6 4. f3 Nf6 5. e4 Be7 6. Bd3 c5 7. c3 cxd4 8. cxd4 Qb6 9. Qd2 Qxd4 10. Ne2 Qb4 11. Nbc3 Nc6 12. 0-0 0-0 13. a3 Qb6+ 14. Kh1 d5 15. Nb5 e5 16. exd5 Nxd5 17. Bg3 Be6 18. Rad1 Ne3 19. f4 Nxd1 20. Qxd1 Rad8 21. Qc2 e4 22. Bc4 Bxc4 23. Qxc4 Qc5 24. Qa4 Bf6 25. Nbc3 Bxc3 26. Nxc3 Qd4 27. Qb3 Na5 28. Qc2 Qd3 29. Qf2 Nc4 30. f5 Qe3 31. Qc2 Rd2 32. Qb3 Nxb2 33. f6 Rd1 34. Rxd1 Nxd1 35. Qxd1 Qxc3 36. fxg7 Rc8 37. Bf4 e3 0-1

[Event "Manizales Americas op"]
[Site "Manizales"]
[Date "2022.10.16"]
[Round "5"]
[White "Gomez Morales, Juan Sebastian"]
[Black "Osorio, Alejandro"]
[Result "1/2-1/2"]
[WhiteElo "1732"]
[BlackElo "2000"]
[PlyCount "77"]
[EventDate "2022.10.14"]
[EventType "swiss"]
[EventRounds "8"]
[EventCountry "COL"]
[SourceTitle "CBM 210 Extra"]
[Source "ChessBase"]
[SourceDate "2022.11.30"]
[SourceVersion "1"]
[SourceVersionDate "2022.11.30"]
[SourceQuality "1"]

1. d4 d5 2. c4 c6 3. Nc3 Nf6 4. Nf3 Bf5 5. cxd5 cxd5 6. Qb3 Bc8 7. Bg5 e6 8. e3 a6 9. Bd3 Be7 10. Rc1 Nc6 11. Ne5 Nxe5 12. dxe5 Nd7 13. Bf4 Nc5 14. Qd1 Nxd3+ 15. Qxd3 b5 16. 0-0 Bb7 17. Ne2 0-0 18. e4 dxe4 19. Qxd8 Bxd8 20. Rfd1 Ba5 21. Nd4 Rfd8 22. Nb3 Rxd1+ 23. Rxd1 Bb4 24. a3 Bf8 25. Be3 Bd5 26. Nc5 Bxc5 27. Bxc5 Rc8 28. Rc1 a5 29. Be3 Rxc1+ 30. Bxc1 Bc4 31. Bd2 a4 32. Bb4 Be2 33. Be7 h6 34. h4 Kh7 35. Kh2 Kg6 36. Kg3 Kf5 37. Bf8 g5 38. hxg5 hxg5 39. Bg7 1/2-1/2

[Event "Ibague Blitz op"]
[Site "Ibague"]
[Date "2022.10.08"]
[Round "7"]
[White "Arguelles Ochoa, Julio Cesar"]
[Black "Gomez Morales, Juan Sebastian"]
[Result "0-1"]
[WhiteElo "1492"]
[BlackElo "1696"]
[PlyCount "37"]
[EventDate "2022.10.08"]
[EventType "swiss (blitz)"]
[EventRounds "9"]
[EventCountry "COL"]
[SourceTitle "CBM 210 Extra"]
[Source "ChessBase"]
[SourceDate "2022.11.30"]
[SourceVersion "1"]
[SourceVersionDate "2022.11.30"]
[SourceQuality "1"]

1. e4 c5 2. Nf3 d6 3. d4 cxd4 4. Nxd4 Nf6 5. Nc3 g6 6. f3 Bg7 7. Be3 Nc6 8. Qd2 0-0 9. 0-0-0 d5 10. Nxc6 bxc6 11. e5 Ne8 12. f4 f6 13. Bc5 fxe5 14. fxe5 Bxe5 15. Bd3 Bf4 16. Be3 Bxe3 17. Qxe3 d4 18. Qf3 Rxf3 19. Bc4+ 0-1

[Event "Ibague Blitz op"]
[Site "Ibague"]
[Date "2022.10.08"]
[Round "3"]
[White "Garcia Lopez, Juan Gilberto"]
[Black "Gomez Morales, Juan Sebastian"]
[Result "0-1"]
[WhiteElo "1442"]
[BlackElo "1696"]
[PlyCount "72"]
[EventDate "2022.10.08"]
[EventType "swiss (blitz)"]
[EventRounds "9"]
[EventCountry "COL"]
[SourceTitle "CBM 210 Extra"]
[Source "ChessBase"]
[SourceDate "2022.11.30"]
[SourceVersion "1"]
[SourceVersionDate "2022.11.30"]
[SourceQuality "1"]

1. Nf3 Nf6 2. c4 e6 3. d4 d5 4. cxd5 exd5 5. e3 Be7 6. Be2 0-0 7. 0-0 Bf5 8. b3 Nbd7 9. Bb2 c6 10. Nbd2 a5 11. Rc1 a4 12. bxa4 Qa5 13. Bc3 Qxa4 14. Qxa4 Rxa4 15. Ra1 Rfa8 16. Nh4 Bg6 17. Nxg6 hxg6 18. Rfb1 b5 19. Rb2 Ba3 20. Rb3 Bd6 21. a3 Bxa3 22. Nb1 Bd6 23. Rxa4 Rxa4 24. Kf1 Ne4 25. Be1 Nb6 26. f3 Nf6 27. e4 dxe4 28. fxe4 Nxe4 29. Bf3 f5 30. Nd2 Nxd2+ 31. Bxd2 Nc4 32. Bg5 Be7 33. Bxe7 Nd2+ 34. Ke2 Nxb3 35. Bxc6 Nxd4+ 36. Kd3 Nxc6 0-1

[Event "Pereira Gildardo Garcia Memorial-B"]
[Site "Pereira"]
[Date "2022.05.22"]
[Round "8"]
[White "Gomez Morales, Juan Sebastian"]
[Black "Hernandez Bermudez, Manuela"]
[Result "0-1"]
[WhiteElo "1655"]
[BlackElo "1908"]
[PlyCount "84"]
[EventDate "2022.05.18"]
[EventType "swiss"]
[EventRounds "9"]
[EventCountry "COL"]
[SourceTitle "CBM 208 Extra"]
[Source "ChessBase"]
[SourceDate "2022.07.31"]
[SourceVersion "1"]
[SourceVersionDate "2022.07.31"]
[SourceQuality "1"]

1. e4 c5 2. Nf3 d6 3. d4 cxd4 4. Qxd4 a6 5. Bc4 Nc6 6. Qd3 g6 7. Nc3 Bg7 8. Bb3 Nf6 9. Bg5 0-0 10. 0-0-0 Nd7 11. Qe3 Nc5 12. Bd5 Be6 13. Bh6 f6 14. h4 Rf7 15. Bxg7 Kxg7 16. h5 g5 17. Nd4 Nxd4 18. Rxd4 a5 19. f4 gxf4 20. Qxf4 Kh8 21. Na4 Bxd5 22. Nxc5 e5 23. Qf5 exd4 24. Qxd5 Qe7 25. Ne6 Re8 26. Nxd4 Rff8 27. h6 Qxe4 28. Qxe4 Rxe4 29. Nf5 d5 30. Rd1 Rd8 31. g3 Kg8 32. Rd3 Kf7 33. Rb3 Rd7 34. Rb5 a4 35. Kd2 Kg6 36. Nh4+ Kxh6 37. Rb6 Kg5 38. Nf3+ Kg4 39. Rxf6 Kxg3 40. Ng5 Rg4 41. Ne6 Rd6 42. Rh6 Re4 0-1

[Event "Pereira Gildardo Garcia Memorial-B"]
[Site "Pereira"]
[Date "2022.05.21"]
[Round "7"]
[White "Tobar Beltran, Carlos Andres"]
[Black "Gomez Morales, Juan Sebastian"]
[Result "1/2-1/2"]
[WhiteElo "1878"]
[BlackElo "1655"]
[PlyCount "66"]
[EventDate "2022.05.18"]
[EventType "swiss"]
[EventRounds "9"]
[EventCountry "COL"]
[SourceTitle "CBM 208 Extra"]
[Source "ChessBase"]
[SourceDate "2022.07.31"]
[SourceVersion "1"]
[SourceVersionDate "2022.07.31"]
[SourceQuality "1"]

1. d4 Nf6 2. Bf4 e6 3. e3 c5 4. c3 Nc6 5. Nd2 b6 6. h3 Bb7 7. Ngf3 d5 8. Ne5 Bd6 9. Bb5 Qc7 10. 0-0 0-0 11. Bxc6 Bxc6 12. Qf3 Bb7 13. Rfc1 Nd7 14. Nxd7 Qxd7 15. a4 a5 16. Qg3 Bxf4 17. Qxf4 Rac8 18. c4 Rfd8 19. Nf3 f6 20. cxd5 Qxd5 21. dxc5 Rxc5 22. Qd4 Rdc8 23. Rxc5 Qxc5 24. Rd1 Bxf3 25. gxf3 Qxd4 26. Rxd4 Rc1+ 27. Kg2 Rb1 28. Rd2 e5 29. Kg3 Rg1+ 30. Kh2 Rb1 31. Kg3 Rg1+ 32. Kh2 Rb1 33. Kg3 Rg1+ 1/2-1/2

[Event "Pereira Gildardo Garcia Memorial-B"]
[Site "Pereira"]
[Date "2022.05.20"]
[Round "5"]
[White "Chaux, Oscar Orlando"]
[Black "Gomez Morales, Juan Sebastian"]
[Result "1-0"]
[WhiteElo "1882"]
[BlackElo "1655"]
[PlyCount "73"]
[EventDate "2022.05.18"]
[EventType "swiss"]
[EventRounds "9"]
[EventCountry "COL"]
[SourceTitle "CBM 208 Extra"]
[Source "ChessBase"]
[SourceDate "2022.07.31"]
[SourceVersion "1"]
[SourceVersionDate "2022.07.31"]
[SourceQuality "1"]

1. d4 Nf6 2. Nf3 e6 3. g3 d5 4. c4 Be7 5. Bg2 0-0 6. 0-0 dxc4 7. Qc2 a6 8. a4 Bd7 9. Nbd2 c3 10. bxc3 Bc6 11. e4 Nbd7 12. a5 b5 13. Re1 Bb7 14. c4 bxc4 15. Rb1 Rb8 16. Nxc4 Ba8 17. Bf4 Rxb1 18. Qxb1 c5 19. Nb6 Bc6 20. Bf1 Nxb6 21. axb6 Qa8 22. Bd3 h6 23. dxc5 Bxc5 24. Ne5 Bb7 25. Kg2 Rd8 26. f3 Nd7 27. Nc4 Bxb6 28. Nxb6 Nxb6 29. Bc7 Rxd3 30. Qxd3 Na4 31. Rb1 Nc5 32. Qd4 Nxe4 33. Qd8+ Qxd8 34. Bxd8 Bd5 35. Rb8 Kh7 36. fxe4 Bxe4+ 37. Kf2 1-0

[Event "American Continental 16th"]
[Site "San Salvador"]
[Date "2022.05.03"]
[Round "3"]
[White "Morales, Carlos1111"]
[Black "Gomez Morales, Juan Sebastian"]
[Result "0-1"]
[WhiteElo "1969"]
[BlackElo "1655"]
[PlyCount "104"]
[EventDate "2022.05.02"]
[EventType "swiss"]
[EventRounds "11"]
[EventCountry "ESA"]
[SourceTitle "CBM 208 Extra"]
[Source "ChessBase"]
[SourceDate "2022.07.31"]
[SourceVersion "1"]
[SourceVersionDate "2022.07.31"]
[SourceQuality "1"]

1. c4 Nf6 2. Nf3 e6 3. g3 d5 4. Bg2 Bd6 5. 0-0 0-0 6. d4 c6 7. Qc2 Nbd7 8. Nbd2 e5 9. cxd5 cxd5 10. dxe5 Nxe5 11. Nxe5 Bxe5 12. Nf3 Qc7 13. Qxc7 Bxc7 14. Be3 Re8 15. Rfc1 Bd6 16. Nd4 Bd7 17. Bf4 Bxf4 18. gxf4 Rac8 19. e3 Ne4 20. Kf1 a6 21. Ke2 Rxc1 22. Rxc1 Rc8 23. Rxc8+ Bxc8 24. Bxe4 dxe4 25. f3 exf3+ 26. Kxf3 Kf8 27. Ke4 Ke7 28. Kd5 Bh3 29. Kc5 Kd7 30. a4 Kc7 31. a5 h6 32. e4 Bg2 33. e5 Bh3 34. f5 Kd7 35. Kb6 Kc8 36. b4 g5 37. f6 Bd7 38. e6 Be8 39. e7 h5 40. Nf5 h4 41. Nd6+ Kd7 42. Nxe8 Kxe8 43. b5 g4 44. Kxb7 g3 45. hxg3 h3 46. Kxa6 h2 47. b6 h1Q 48. Ka7 Qa1 49. a6 Qxf6 50. b7 Qxe7 51. Ka8 Qe4 52. a7 Kd7 0-1

[Event "American Continental 16th"]
[Site "San Salvador"]
[Date "2022.05.02"]
[Round "1"]
[White "Chinchilla Miranda, Eugenio"]
[Black "Gomez Morales, Juan Sebastian"]
[Result "1-0"]
[WhiteElo "2221"]
[BlackElo "1655"]
[PlyCount "89"]
[EventDate "2022.05.02"]
[EventType "swiss"]
[EventRounds "11"]
[EventCountry "ESA"]
[SourceTitle "CBM 208 Extra"]
[Source "ChessBase"]
[SourceDate "2022.07.31"]
[SourceVersion "1"]
[SourceVersionDate "2022.07.31"]
[SourceQuality "1"]

1. d4 Nf6 2. c4 e6 3. Nc3 Bb4 4. Qc2 d5 5. a3 Be7 6. cxd5 exd5 7. Bg5 h6 8. Bf4 c6 9. e3 0-0 10. Bd3 Bd6 11. Nge2 Re8 12. 0-0 Bxf4 13. Nxf4 Nbd7 14. b4 Nf8 15. b5 Bd7 16. Rab1 Ne6 17. bxc6 Nxf4 18. cxd7 Nh3+ 19. gxh3 Qxd7 20. Bf5 Qe7 21. Kh1 Rab8 22. Qb3 g6 23. Rg1 Kh7 24. Bg4 Nxg4 25. Rxg4 Red8 26. Nxd5 Qe6 27. Nb4 Qd7 28. Rf4 Kg7 29. Nd3 Qd5+ 30. Qxd5 Rxd5 31. Ne5 f6 32. Nc6 Rf8 33. Rxb7+ Rf7 34. Rxa7 Rxa7 35. Nxa7 Ra5 36. Nc6 Rxa3 37. d5 Ra1+ 38. Kg2 Kf7 39. Rd4 Ke8 40. d6 Kd7 41. Nb8+ Kd8 42. d7 Rc1 43. Re4 Kc7 44. Re8 Rd1 45. Rc8+ 1-0

[Event "Soacha op-B"]
[Site "Soacha"]
[Date "2021.09.10"]
[Round "4"]
[White "Guerrero Ortega, Johan Nicolas"]
[Black "Gomez Morales, Juan Sebastian"]
[Result "0-1"]
[WhiteElo "1253"]
[BlackElo "1713"]
[PlyCount "54"]
[EventDate "2021.09.08"]
[EventType "swiss"]
[EventRounds "9"]
[EventCountry "COL"]
[SourceTitle "CBM 204 Extra"]
[Source "ChessBase"]
[SourceDate "2021.11.30"]
[SourceVersion "1"]
[SourceVersionDate "2021.11.30"]
[SourceQuality "1"]

1. d4 Nf6 2. c4 e6 3. Nc3 Bb4 4. a3 Bxc3+ 5. bxc3 c5 6. Nf3 0-0 7. Bg5 Qa5 8. Qc2 cxd4 9. Bxf6 gxf6 10. Nxd4 Nc6 11. e3 Ne5 12. Be2 b6 13. 0-0 Bb7 14. f4 Ng6 15. e4 Rac8 16. f5 Ne5 17. fxe6 fxe6 18. a4 Nxc4 19. Bxc4 Rxc4 20. Rf3 Qe5 21. Qe2 Rxd4 22. Rg3+ Kh8 23. Qg4 f5 24. Qg5 Rxe4 25. h3 f4 26. Qe7 Re1+ 27. Rxe1 Qxe1+ 0-1

[Event "Medellin Luces op"]
[Site "Medellin"]
[Date "2020.12.13"]
[Round "4"]
[White "Gomez Morales, Juan Sebastian"]
[Black "Soto, Cristian Camilo"]
[Result "1/2-1/2"]
[WhiteElo "1730"]
[BlackElo "2087"]
[PlyCount "123"]
[EventDate "2020.12.12"]
[EventType "swiss"]
[EventRounds "7"]
[EventCountry "COL"]
[SourceTitle "CBM 199 Extra"]
[Source "ChessBase"]
[SourceDate "2021.01.31"]
[SourceVersion "1"]
[SourceVersionDate "2021.01.31"]
[SourceQuality "1"]

1. d4 Nf6 2. c4 e5 3. dxe5 Ng4 4. Nf3 Nc6 5. Bf4 Bc5 6. e3 f6 7. e6 d6 8. Nd4 Nge5 9. Nc3 0-0 10. Be2 Ng6 11. Bg3 f5 12. Nd5 Bxd4 13. e7 Ngxe7 14. exd4 Ng6 15. Qd2 Nce7 16. Nf4 Nxf4 17. Bxf4 Ng6 18. 0-0 Bd7 19. Bg5 Qe8 20. Rfe1 Qf7 21. Bh5 Rae8 22. d5 Re5 23. Bf4 Rxe1+ 24. Rxe1 Re8 25. h3 Rxe1+ 26. Qxe1 Qe7 27. Qxe7 Nxe7 28. Bg5 Kf8 29. Kf1 h6 30. Be3 b6 31. f4 Be8 32. Bf3 c6 33. b4 cxd5 34. cxd5 Bf7 35. a4 Bxd5 36. Bxd5 Nxd5 37. Bd2 a6 38. Ke2 b5 39. axb5 axb5 40. Kd3 Ke7 41. Kd4 Ke6 42. g3 Ne7 43. Bc3 g6 44. Bd2 Nc6+ 45. Kd3 Kd5 46. Bc3 h5 47. h4 Ke6 48. Be1 d5 49. Bd2 d4 50. Be1 Kd5 51. Bd2 Nd8 52. Be1 Ne6 53. Bf2 g5 54. fxg5 f4 55. g6 Ke5 56. Bxd4+ Kf5 57. g7 Nxg7 58. Bxg7 fxg3 59. Ke2 Kg4 60. Bf6 Kh3 61. Kf1 Kh2 62. Be5 1/2-1/2

[Event "COL-ch sf1"]
[Site "Medellin"]
[Date "2019.04.21"]
[Round "10"]
[White "Gomez Morales, Juan Sebastian"]
[Black "Gonzalez Mojica, Renan Arturo"]
[Result "1/2-1/2"]
[WhiteElo "1734"]
[BlackElo "1175"]
[PlyCount "27"]
[EventDate "2019.04.16"]
[EventType "swiss"]
[EventRounds "10"]
[EventCountry "COL"]
[SourceTitle "CBM 190 Extra"]
[Source "ChessBase"]
[SourceDate "2019.07.15"]
[SourceVersion "1"]
[SourceVersionDate "2019.07.15"]
[SourceQuality "1"]

1. c4 c5 2. Nf3 g6 3. g3 Bg7 4. Bg2 e6 5. 0-0 Ne7 6. Nc3 0-0 7. d3 Nbc6 8. Bd2 d5 9. cxd5 exd5 10. a3 b6 11. Qc2 Bb7 12. Na4 Rc8 13. e3 Qd6 14. Nc3 1/2-1/2

[Event "COL-ch sf1"]
[Site "Medellin"]
[Date "2019.04.19"]
[Round "6"]
[White "Gomez Morales, Juan Sebastian"]
[Black "Munoz Monroy, Cinthya Carolina"]
[Result "0-1"]
[WhiteElo "1734"]
[BlackElo "2011"]
[PlyCount "48"]
[EventDate "2019.04.16"]
[EventType "swiss"]
[EventRounds "10"]
[EventCountry "COL"]
[SourceTitle "CBM 190 Extra"]
[Source "ChessBase"]
[SourceDate "2019.07.15"]
[SourceVersion "1"]
[SourceVersionDate "2019.07.15"]
[SourceQuality "1"]

1. d4 Nf6 2. Nf3 c5 3. d5 d6 4. c4 b5 5. cxb5 a6 6. e3 g6 7. Nc3 Bg7 8. Be2 0-0 9. 0-0 Nbd7 10. Qc2 axb5 11. Bxb5 Ba6 12. Bxa6 Rxa6 13. Rb1 c4 14. b4 cxb3 15. Rxb3 Qa8 16. Bb2 Rc8 17. Qe2 Nc5 18. Rb4 Nxd5 19. Nxd5 Qxd5 20. Bxg7 Kxg7 21. Qb2+ e5 22. a3 Nd3 23. Rd1 Nxb2 24. Rxd5 Rc1+ 0-1

[Event "COL-ch sf1"]
[Site "Medellin"]
[Date "2019.04.18"]
[Round "4"]
[White "Gomez Morales, Juan Sebastian"]
[Black "Caballero Marrugo, Maria Jose"]
[Result "1-0"]
[WhiteElo "1734"]
[BlackElo "1354"]
[PlyCount "49"]
[EventDate "2019.04.16"]
[EventType "swiss"]
[EventRounds "10"]
[EventCountry "COL"]
[SourceTitle "CBM 190 Extra"]
[Source "ChessBase"]
[SourceDate "2019.07.15"]
[SourceVersion "1"]
[SourceVersionDate "2019.07.15"]
[SourceQuality "1"]

1. d4 Nf6 2. Nf3 e6 3. c4 d5 4. g3 c5 5. Bg2 Nc6 6. cxd5 exd5 7. 0-0 c4 8. Nc3 Be7 9. Ne5 0-0 10. e4 dxe4 11. Nxc6 bxc6 12. Nxe4 Nd5 13. Qa4 f5 14. Qxc6 Nb6 15. Nc3 Rf6 16. Qb5 Rb8 17. Nd5 Rd6 18. Nxe7+ Qxe7 19. Bf4 Bd7 20. Qb4 Nc8 21. Qxb8 Rb6 22. Qe5 Qb4 23. Qd5+ Be6 24. Qd8+ Kf7 25. Bd5 1-0

[Event "COL-ch sf1"]
[Site "Medellin"]
[Date "2019.04.17"]
[Round "3"]
[White "Gomez Saenz, Manuela"]
[Black "Gomez Morales, Juan Sebastian"]
[Result "0-1"]
[WhiteElo "1539"]
[BlackElo "1734"]
[PlyCount "72"]
[EventDate "2019.04.16"]
[EventType "swiss"]
[EventRounds "10"]
[EventCountry "COL"]
[SourceTitle "CBM 190 Extra"]
[Source "ChessBase"]
[SourceDate "2019.07.15"]
[SourceVersion "1"]
[SourceVersionDate "2019.07.15"]
[SourceQuality "1"]

1. e4 c5 2. Nf3 d6 3. d4 cxd4 4. Nxd4 Nf6 5. Nc3 g6 6. Be3 Bg7 7. Be2 Nc6 8. 0-0 0-0 9. Kh1 d5 10. Nxc6 bxc6 11. e5 Nd7 12. f4 Nb6 13. g4 Bb7 14. Bf3 Ba6 15. Ne2 Qc7 16. Rf2 Nc4 17. Bd4 c5 18. Bc3 Rad8 19. b3 Ne3 20. Qd2 d4 21. Ba5 Qc8 22. Bxd8 Rxd8 23. Rg1 Bb7 24. g5 Bxf3+ 25. Rxf3 Qc6 26. Rgg3 Nf1 27. Qd1 Nxg3+ 28. Nxg3 f6 29. exf6 exf6 30. Kg1 Re8 31. Qd3 f5 32. Qc4+ Kf8 33. Rf2 Re3 34. Qf1 Qe6 35. Re2 h6 36. h4 Rxg3+ 0-1

[Event "COL-ch sf1"]
[Site "Medellin"]
[Date "2019.04.16"]
[Round "1"]
[White "Castaneda Jimenez, Jhon David"]
[Black "Gomez Morales, Juan Sebastian"]
[Result "1-0"]
[WhiteElo "2189"]
[BlackElo "1734"]
[PlyCount "71"]
[EventDate "2019.04.16"]
[EventType "swiss"]
[EventRounds "10"]
[EventCountry "COL"]
[SourceTitle "CBM 190 Extra"]
[Source "ChessBase"]
[SourceDate "2019.07.15"]
[SourceVersion "1"]
[SourceVersionDate "2019.07.15"]
[SourceQuality "1"]

1. d4 Nf6 2. Nf3 d5 3. c4 e6 4. g3 Be7 5. Bg2 0-0 6. 0-0 c6 7. Qc2 Nbd7 8. Nbd2 Re8 9. e4 dxe4 10. Nxe4 Nxe4 11. Qxe4 Nf6 12. Qc2 h6 13. Rd1 Qc7 14. c5 Nd5 15. Ne5 Bd7 16. Bd2 Rac8 17. f4 Red8 18. Re1 Bf6 19. Rad1 Ne7 20. g4 Be8 21. Qe4 Ng6 22. Bc3 Nxe5 23. dxe5 Bh4 24. Rf1 Rxd1 25. Rxd1 Rd8 26. Rd6 Be7 27. Bf1 b6 28. Bd3 g6 29. b4 bxc5 30. bxc5 a5 31. f5 exf5 32. gxf5 Qa7 33. Bd4 Bg5 34. h4 Rxd6 35. exd6 Bd8 36. Qxe8+ 1-0

[Event "COL-ch U1800"]
[Site "Moniquira"]
[Date "2018.07.21"]
[Round "4"]
[White "Sarmiento Vargas, Nicolas"]
[Black "Gomez Morales, Juan Sebastian"]
[Result "0-1"]
[WhiteElo "1656"]
[BlackElo "1691"]
[PlyCount "48"]
[EventDate "2018.07.19"]
[EventType "swiss"]
[EventRounds "7"]
[EventCountry "COL"]
[SourceTitle "CBM 187 Extra"]
[Source "ChessBase"]
[SourceDate "2018.11.04"]
[SourceVersion "1"]
[SourceVersionDate "2018.11.04"]
[SourceQuality "1"]

1. d4 d5 2. Bf4 Nf6 3. e3 e6 4. Bd3 c5 5. c4 Nc6 6. Nf3 Bd6 7. Bg3 Nb4 8. dxc5 Nxd3+ 9. Qxd3 Bxg3 10. hxg3 Qa5+ 11. Nc3 dxc4 12. Qxc4 Bd7 13. b4 Qc7 14. Nb5 Bxb5 15. Qxb5+ Nd7 16. Rc1 0-0 17. c6 Rac8 18. Qd3 h6 19. Ng5 Nf6 20. Ne4 Nxe4 21. Qxe4 Qb6 22. Qg4 Rxc6 23. Rxc6 Qxc6 24. Rxh6 Qc1+ 0-1

[Event "COL-ch U1800"]
[Site "Moniquira"]
[Date "2018.07.20"]
[Round "2"]
[White "Higarrero, Juan David"]
[Black "Gomez Morales, Juan Sebastian"]
[Result "0-1"]
[WhiteElo "1590"]
[BlackElo "1691"]
[PlyCount "96"]
[EventDate "2018.07.19"]
[EventType "swiss"]
[EventRounds "7"]
[EventCountry "COL"]
[SourceTitle "CBM 187 Extra"]
[Source "ChessBase"]
[SourceDate "2018.11.04"]
[SourceVersion "1"]
[SourceVersionDate "2018.11.04"]
[SourceQuality "1"]

1. d4 d5 2. Nf3 Nf6 3. c4 Bf5 4. Nc3 c6 5. cxd5 Nxd5 6. Nxd5 Qxd5 7. Bf4 e6 8. a3 Nd7 9. e3 Bd6 10. Bxd6 Qxd6 11. Bd3 Bg4 12. Be2 0-0 13. h3 Bf5 14. Bd3 Bxd3 15. Qxd3 e5 16. Rd1 Rfe8 17. dxe5 Qxd3 18. Rxd3 Nxe5 19. Nxe5 Rxe5 20. Ke2 Rb5 21. b4 a5 22. Rhd1 g6 23. Rd8+ Rxd8 24. Rxd8+ Kg7 25. bxa5 Rxa5 26. Rd3 Rb5 27. Rd2 Kf6 28. f4 Ke6 29. Rd3 Rb2+ 30. Kf3 b5 31. e4 c5 32. e5 c4 33. Rd6+ Ke7 34. Rb6 Kd7 35. Ke4 Rxg2 36. Kd4 Rd2+ 37. Kc3 Rd3+ 38. Kc2 Rxa3 39. Rxb5 Rxh3 40. Rb7+ Ke6 41. Rb6+ Ke7 42. Rc6 c3 43. Rc7+ Kf8 44. Rc8+ Kg7 45. Rc7 Re3 46. e6 Rxe6 47. Rxc3 Re4 48. Rf3 f5 0-1